Διοικητική Λογιστική (Record no. 2781)
[ view plain ]
| 000 -LEADER | |
|---|---|
| fixed length control field | 02413cam a22002054a 4500 |
| 005 - ΗΜΕΡΟΜΗΝΙΑ ΚΑΙ ΩΡΑ ΤΕΛΕΥΤΑΙΑΣ ΕΝΗΜΕΡΩΣΗΣ | |
| Πεδίο ελέγχου | 20250605164053.0 |
| 008 - FIXED-LENGTH DATA ELEMENTS--GENERAL INFORMATION | |
| Πεδίο ελέγχου σταθερού μήκους | 250528s ||||||||||||||||||||||||d |
| 035 ## - SYSTEM CONTROL NUMBER | |
| System control number | 17356 |
| 020 ## - ISBN | |
| ISBN | 9602099305 |
| 040 ## - ΠΗΓΗ ΚΑΤΑΛΟΓΟΓΡΑΦΗΣΗΣ | |
| Φορέας πρωτότυπης καταλογογράφησης | MC Athens Campus Library |
| Γλώσσα καταλογογράφησης | Ελληνικά, Μοντέρνα (1453-) |
| Modifying agency | MC Athens Campus Library |
| Κανόνες περιγραφικής καταλογογράφησης | AACR2 |
| 245 1# - ΤΙΤΛΟΣ ΚΑΙ ΔΗΛΩΣΗ ΥΠΕΥΘΥΝΟΤΗΤΑΣ | |
| Τίτλος | Διοικητική Λογιστική |
| 260 ## - PUBLICATION, DISTRIBUTION, ETC. | |
| Name of publisher, distributor, etc. | Κλειδάριθμος, |
| Date of publication, distribution, etc. | 2005 |
| 300 ## - PHYSICAL DESCRIPTION | |
| Extent | 868 |
| 520 ## - SUMMARY, ETC. | |
| Summary, etc. | Το βιβλίο περιλαμβάνει όλες τις τελευταίες εξελίξεις στη διεθνή πραγματικότητα. Η Διοικητική Λογιστική και το Επιχειρηματικό Περιβάλλον, Ορολογία και Έννοιες και Κατηγορίες Κόστους, Σχεδιασμός Συστημάτων: Κοστολόγηση Έργου-Παραγγελίας, Σχεδιασμός Συστημάτων: Κοστολόγηση Διαδικασιών ή Συνεχούς Παραγωγής (Process Cashing), Συμπεριφορά του κόστους: Ανάλυση και Χρήση, Σχέσεις Κόστους Παραγωγής-Κέρδους, Ανάλυση Νεκρού Σημείου ή Σημείου Ισορροπίας, Κοστολόγηση Μεταβλητου Κόστους: Ένα Χρήσιμο Εργαλείο για τα Διευθυντικά Στελέχη, Κοστολόγηση με Βάση τις Επιχειρησιακές Δραστηριότητες: Ένα Εργαλείο για τη Λήψη Αποφάσεων, Σχεδιασμός των κερδών, Πρότυπο Κόστος και Πίνακας Ισορροπημένης Στοχοθέτησης, Ελαστικοί Προϋπολογισμοί και Ανάλυση Έμμεσου Κόστους, Κατάρτιση Αναφορών κατά Τμήματα και Αποκέντρωση, Σχετικό Κόστος για την Λήψη Αποφάσεων, Αποφάσεις για τον Προϋπολογισμό Επενδύσεων, Κοστολόγηση σε Τμήματα Υπηρεσιών: Προσέγγιση με Βάση τις Δραστηριότητες, Ανάλυση Χρηματοοικονομικών Καταστάσεων, Τιμολόγηση Προϊόντων και Υπηρεσιών. |
| 700 1# - ΠΡΟΣΘΕΤΗ ΑΝΑΓΡΑΦΗ--ΦΥΣΙΚΟ ΠΡΟΣΩΠΟ | |
| Personal name | Garrison Ray H |
| 9 (RLIN) | 1185 |
| 700 1# - ΠΡΟΣΘΕΤΗ ΑΝΑΓΡΑΦΗ--ΦΥΣΙΚΟ ΠΡΟΣΩΠΟ | |
| Personal name | Noreen Eric W |
| 9 (RLIN) | 1186 |
| 942 ## - ADDED ENTRY ELEMENTS (KOHA) | |
| Koha item type | Books |
| Τύπος τεκμηρίου | Βιβλιοθήκη | Τρέχουσα τοποθεσία | Barcode | Αριθμός εισαγωγής | Ημερομηνία απόκτησης | Ταξιθετικό σύμβολο | Αριθμός αντιτύπου | Κατάσταση απόσυρσης | Κατάσταση χαμένου | Κατάσταση κατεστραμμένου | Μη δανεισμός | Σύνολο δανεισμών | Ημερομηνία τελευταίας εμφάνισης | Η τιμή ισχύει από |
|---|---|---|---|---|---|---|---|---|---|---|---|---|---|---|
| Books | MC Athens Campus Library | MC Athens Campus Library | 9780000027801 | 1042 | 05/06/2025 | 658.1511 GAR | 2 | 05/06/2025 | 05/06/2025 |